<?xml version="1.0" encoding="UTF-8"?>
<collection xmlns="http://www.loc.gov/MARC21/slim">
  <record>
    <leader>00000nam  2200000   4500</leader>
    <controlfield tag="001">INLIS000000000017080</controlfield>
    <controlfield tag="005">20240530115257</controlfield>
    <datafield tag="035" ind1="#" ind2="#">
      <subfield code="a">0010-0524000106</subfield>
    </datafield>
    <controlfield tag="007">ta</controlfield>
    <controlfield tag="008">240530################g##########0#ind##</controlfield>
    <datafield tag="082" ind1="#" ind2="#">
      <subfield code="a">352</subfield>
    </datafield>
    <datafield tag="084" ind1="#" ind2="#">
      <subfield code="a">352 WES m</subfield>
    </datafield>
    <datafield tag="100" ind1=" " ind2="#">
      <subfield code="a">Westra, Pariata</subfield>
    </datafield>
    <datafield tag="245" ind1="1" ind2="#">
      <subfield code="a">Manajemen Pembangunan Daerah /</subfield>
      <subfield code="c">Pariata Westra</subfield>
    </datafield>
    <datafield tag="250" ind1="#" ind2="#">
      <subfield code="a">Cetakan ke 1</subfield>
    </datafield>
    <datafield tag="260" ind1="#" ind2="#">
      <subfield code="a">Jakarta :</subfield>
      <subfield code="b">Ghalia Indonesia,</subfield>
      <subfield code="c">1983</subfield>
    </datafield>
    <datafield tag="300" ind1="#" ind2="#">
      <subfield code="a">64 halaman :</subfield>
      <subfield code="b">ilus ;</subfield>
      <subfield code="c">20,5 cm</subfield>
    </datafield>
    <datafield tag="650" ind1="#" ind2="4">
      <subfield code="a">Otonomi Daerah</subfield>
    </datafield>
    <datafield tag="500" ind1="#" ind2="#">
      <subfield code="a">Naskah ini semula adalah bahan pelajaran pada Training Administrasi Perencanaan bagi BAPPEDA seluruh Indonesia, Angkatan I, di Yogyakarta. Karena training yang diselenggarakan oleh Pusat Penelitianan Studi Perencanáan Pembangunan Regional (PPSPPR) Universitas Gadjah Mada akan berlangsung berulang kali, serta memenuhi kebutuhan para petugas/pejabat BAPPEDA yang bersangkutan, maka naskah tersebut dipandang cukup bermanfaat untuk diterbitkan menjadi buku.&#13;
&#13;
Pengalaman Penulis dalam mengikuti Pendidikan "Regional Development Planning" di Nagoya, Jepang; serta membantu BAPPEDA Tk. 1 Propinsi DIY dalam menyusun REPELITA-DA dua kali, mengilhami penulisan buku ini.&#13;
&#13;
Isinya, sebenarnya komplementer dengan buku/buletin Suatu Metode Penyusunan Rencana Pembangunan Daerah Yang Menyeluruh yang Penulis susun tahun 1975; dan buku Manualisa-si perencanaan Pembangunan di Indonesia, juga Penulis sunting dengan rekan-rekan "Tim 10".&#13;
&#13;
Demikian, semoga berguna adanya, terutama bagi siapa pun yang berkepentingan dengan Perencanaan Pembangunan Daerah di Indonesia.</subfield>
    </datafield>
    <datafield tag="990" ind1="#" ind2="#">
      <subfield code="a">01105489</subfield>
    </datafield>
    <datafield tag="990" ind1="#" ind2="#">
      <subfield code="a">21883</subfield>
    </datafield>
    <datafield tag="990" ind1="#" ind2="#">
      <subfield code="a">24372</subfield>
    </datafield>
  </record>
</collection>
